01099nam a2200193Ia 4500001001100000003001000011008004100021040002500062041001300087100002400100245003200124250001100156260005900167300001200226500026000238501011400498520026000612650003300872L840-34090IT-CnALBA170116s9999||||xx |||||||||||||| ||und|| aIT-CnALBAcIT-CnALBA aITALIANO aBALZAC HONORÈ DE, 0aLETTERE DEL SIGNOR BALZAC.  a1a ed. a VENEZIAbFERRETTI GIO. BATTISTA c1658 [1° Ed.:1658] a340 p.  aTRADUZIONE DAL FRANCESE. STAMPATORE ITALIANO E STAMPATORE FRANCESE AI LETTORI. PROFUMI A UNA DAMA. AL GUARDASIGILLI. AL SIGNORE N. CONDOGLIANZA. UN PADRE AL FIGLIO RELIGIOSO. ELOGIO DELLA VECCHIAIA. AL CAPITANO LYMERACH PRIGIONIERO DI GUERRA. RINGRAZIAMEN aSocietà San Paolo EM - Piazza San Paolo, 14 - 12051 ALBA (CN) (non commercial uses only) ® Copyright 2017 aTRADUZIONE DAL FRANCESE. STAMPATORE ITALIANO E STAMPATORE FRANCESE AI LETTORI. PROFUMI A UNA DAMA. AL GUARDASIGILLI. AL SIGNORE N. CONDOGLIANZA. UN PADRE AL FIGLIO RELIGIOSO. ELOGIO DELLA VECCHIAIA. AL CAPITANO LYMERACH PRIGIONIERO DI GUERRA. RINGRAZIAMEN aLETTERATURA FRANCESE E ALTRE